[Event "Wiesbaden op 29th"]
[Site "Wiesbaden"]
[Date "2017.08.26"]
[Round "4"]
[White "Held, Carsten"]
[Black "Friesen, Viktor"]
[Result "1/2-1/2"]
[WhiteElo "2063"]
[BlackElo "2167"]
[PlyCount "55"]
[EventDate "2017.08.24"]
[EventType "swiss"]
[EventRounds "7"]
[EventCountry "GER"]
[SourceTitle "CBM 180 Extra"]
[Source "ChessBase"]
[SourceDate "2017.10.06"]
[SourceVersion "1"]
[SourceVersionDate "2017.10.06"]
[SourceQuality "1"]

1. Nf3 Nf6 2. c4 c6 3. Nc3 d5 4. e3 g6 5. d4 Bg7 6. Be2 0-0 7. 0-0 a6 8. Qb3 dxc4 9. Bxc4 b5 10. Be2 Be6 11. Qc2 h6 12. b3 Nbd7 13. Rd1 Qc7 14. Bb2 c5 15. Rac1 Rac8 16. h3 Qb7 17. Qd2 Rfd8 18. Qe1 c4 19. bxc4 Bxc4 20. Bxc4 Rxc4 21. Nd2 Rcc8 22. Nb3 Nb6 23. Ba3 Nc4 24. Bb4 e6 25. Rb1 Bf8 26. Bxf8 Kxf8 27. Nc5 Qc6 28. a4 1/2-1/2

[Event "Lueneburg op-A"]
[Site "Lueneburg"]
[Date "2017.07.11"]
[Round "4"]
[White "Steinbrenner, Juerg"]
[Black "Friesen, Viktor"]
[Result "0-1"]
[WhiteElo "2020"]
[BlackElo "2167"]
[PlyCount "54"]
[EventDate "2017.07.08"]
[EventType "swiss"]
[EventRounds "9"]
[EventCountry "GER"]
[SourceTitle "CBM 179 Extra"]
[Source "ChessBase"]
[SourceDate "2017.08.23"]
[SourceVersion "1"]
[SourceVersionDate "2017.08.23"]
[SourceQuality "1"]

1. e4 c5 2. b4 cxb4 3. d4 d5 4. exd5 Qxd5 5. Nf3 Nf6 6. Be2 e6 7. a3 Nc6 8. 0-0 Be7 9. axb4 Nxb4 10. c3 Nc6 11. c4 Qd8 12. Na3 0-0 13. Bb2 b6 14. Bd3 Bb7 15. Nc2 Nb4 16. Nxb4 Bxb4 17. Ng5 h6 18. Nf3 a5 19. Qe2 Qd6 20. Ne5 Nd7 21. f4 f5 22. Nxd7 Qxd7 23. Rfd1 Rf6 24. Qh5 Qe8 25. Be2 Rg6 26. d5 exd5 27. Qxf5 Rxg2+ 0-1

[Event "Bayern-chI Bank Hofmann 20th"]
[Site "Bad Wiessee"]
[Date "2016.11.03"]
[Round "6"]
[White "Glawe, Ralf"]
[Black "Friesen, Viktor"]
[Result "1-0"]
[WhiteElo "2059"]
[BlackElo "2188"]
[PlyCount "79"]
[EventDate "2016.10.29"]
[EventType "swiss"]
[EventRounds "9"]
[EventCountry "GER"]
[SourceTitle "CBM 175 Extra"]
[Source "ChessBase"]
[SourceDate "2016.12.12"]
[SourceVersion "1"]
[SourceVersionDate "2016.12.12"]
[SourceQuality "1"]

1. e4 c5 2. c3 d5 3. exd5 Qxd5 4. d4 Bf5 5. dxc5 Qxd1+ 6. Kxd1 Nc6 7. Be3 Nf6 8. Nf3 0-0-0+ 9. Nbd2 Ng4 10. Bb5 e5 11. b4 Nxe3+ 12. fxe3 f6 13. Ke2 Kc7 14. h3 Be7 15. Rhd1 g5 16. e4 Bg6 17. Ke3 h5 18. Nc4 g4 19. Nh4 Be8 20. Bxc6 Bxc6 21. Nf5 Rxd1 22. Rxd1 Rd8 23. Rxd8 Bxd8 24. Ng7 gxh3 25. gxh3 Bd7 26. Nxh5 Bxh3 27. Ng3 Be7 28. Nf5 Bf8 29. Ncd6 Kc6 30. a4 a5 31. Kd3 axb4 32. cxb4 b6 33. Ne8 bxc5 34. b5+ Kb7 35. Nxf6 c4+ 36. Kc3 Bf1 37. Nd7 Ba3 38. Nxe5 Bg2 39. Nxc4 Bf8 40. Kd4 1-0

[Event "EU-ch blitz"]
[Site "Minsk"]
[Date "2015.12.18"]
[Round "3.17"]
[White "Andriasian, Zaven"]
[Black "Friesen, Viktor"]
[Result "1-0"]
[WhiteElo "2594"]
[BlackElo "2216"]
[PlyCount "37"]
[EventDate "2015.12.18"]
[EventType "swiss (blitz)"]
[EventRounds "22"]
[EventCountry "BLR"]
[SourceTitle "EXT 2017"]
[Source "ChessBase"]
[SourceDate "2016.10.25"]
[SourceVersion "1"]
[SourceVersionDate "2016.10.25"]
[SourceQuality "1"]

1. e4 c5 2. Nc3 Nc6 3. Bb5 e6 4. Bxc6 bxc6 5. d3 Qc7 6. Nge2 Nf6 7. 0-0 Rb8 8. f4 d6 9. Qe1 Be7 10. Qg3 0-0 11. b3 a5 12. Bd2 Rd8 13. e5 Nd5 14. Ne4 a4 15. c4 Nb4 16. exd6 Bxd6 17. Nxd6 Qxd6 18. Bc3 g6 19. Be5 1-0

[Event "NRW Class2 1415"]
[Site "Germany"]
[Date "2015.03.22"]
[Round "8.8"]
[White "Schartau, Bernd"]
[Black "Friesen, Viktor"]
[Result "0-1"]
[WhiteElo "1926"]
[BlackElo "2146"]
[PlyCount "80"]
[EventDate "2014.09.14"]
[EventType "team-tourn"]
[EventRounds "9"]
[EventCountry "GER"]
[SourceTitle "EXT 2017"]
[Source "ChessBase"]
[SourceDate "2016.10.25"]
[SourceVersion "1"]
[SourceVersionDate "2016.10.25"]
[SourceQuality "1"]
[WhiteTeam "Iserlohn Koenigsspringer"]
[BlackTeam "Herford Koenigsspringer"]
[WhiteTeamCountry "GER"]
[BlackTeamCountry "GER"]

1. d4 d5 2. Nf3 Bg4 3. Bf4 Nd7 4. e3 c6 5. Nbd2 Ngf6 6. c4 e6 7. Qb3 Qb6 8. c5 Qxb3 9. axb3 Nh5 10. Bc7 Rc8 11. Bg3 Nxg3 12. hxg3 a6 13. b4 Be7 14. Nh2 Bf5 15. f4 0-0 16. Nb3 Nf6 17. Nd2 Rce8 18. Be2 Ne4 19. Nxe4 Bxe4 20. Bf3 Bg6 21. 0-0-0 Bd8 22. Be2 f6 23. Bd3 Bxd3 24. Rxd3 e5 25. Ng4 exd4 26. exd4 Re2 27. Rd2 Rfe8 28. Kd1 R2e6 29. Kc2 g6 30. Rhd1 Kg7 31. Rf2 a5 32. bxa5 Bxa5 33. Ra1 Be1 34. Rf3 Re2+ 35. Kb3 h5 36. Nh2 R8e3+ 37. Ka2 Rxf3 38. Rxe1 Rff2 39. Rb1 Rxg2 40. Nf1 Rg1 0-1

[Event "Bayern-chI Bank Hofmann 18th"]
[Site "Bad Wiessee"]
[Date "2014.10.29"]
[Round "6"]
[White "Schnepp, Gunnar"]
[Black "Friesen, Viktor"]
[Result "1/2-1/2"]
[WhiteElo "2298"]
[BlackElo "2136"]
[PlyCount "174"]
[EventDate "2014.10.25"]
[EventType "swiss"]
[EventRounds "9"]
[EventCountry "GER"]
[SourceTitle "EXT 2015"]
[Source "ChessBase"]
[SourceDate "2014.11.20"]
[SourceVersion "1"]
[SourceVersionDate "2014.11.20"]
[SourceQuality "1"]

1. Nf3 d5 2. c4 c6 3. e3 Nf6 4. Nc3 g6 5. cxd5 cxd5 6. Bb5+ Bd7 7. Qb3 Bxb5 8. Qxb5+ Qd7 9. Ne5 Qxb5 10. Nxb5 Na6 11. b3 Bg7 12. d4 Ne4 13. Ba3 f6 14. Nd3 Kd7 15. Rc1 Rhc8 16. Ke2 Rc6 17. Bb2 e6 18. f3 Rb6 19. fxe4 Rxb5 20. e5 f5 21. h4 Bf8 22. h5 g5 23. g4 fxg4 24. Rhf1 Ke8 25. Rf6 Rb6 26. Rcf1 Be7 27. Rf7 Rc8 28. Kd1 g3 29. Rxh7 Rbc6 30. Rg1 Rc2 31. Rh8+ Kd7 32. Rxc8 Rxc8 33. Rxg3 Rh8 34. Rh3 Nb4 35. Nxb4 Bxb4 36. a3 Be7 37. Ke2 g4 38. Rh1 Bg5 39. Bc1 Rf8 40. h6 Rh8 41. h7 Ke8 42. Rh5 Be7 43. Kf2 Kf7 44. Kg3 Kg6 45. Kxg4 Rxh7 46. Rxh7 Kxh7 47. e4 dxe4 48. Kf4 e3 49. Kf3 Kg6 50. a4 a6 51. Bxe3 Kf5 52. Bh6 Ba3 53. Bd2 b5 54. Ke3 Be7 55. Kd3 Bd8 56. Bb4 Bh4 57. Bd6 Bf2 58. Be7 Be1 59. Bc5 Bg3 60. Bf8 Bh4 61. Bg7 Be1 62. Bf6 Bf2 63. Bd8 Be1 64. Bb6 Bb4 65. Bc7 Be1 66. Bd6 Bf2 67. Bb4 Bg3 68. Bd2 Bf2 69. Bc3 Bg3 70. Ke3 Bf4+ 71. Kd3 Bg5 72. axb5 axb5 73. Bb4 Bh4 74. Bd6 Bf2 75. b4 Bg1 76. Bc5 Bh2 77. Ke3 Bg3 78. Bd6 Bh2 79. Bc5 Bg1+ 80. Kf3 Bh2 81. Ke3 Bg1+ 82. Kd3 Bh2 83. Bf8 Bg3 84. Be7 Bf2 85. Bd6 Bg1 86. Bc5 Bh2 87. Bb6 Bg1 1/2-1/2

[Event "NRW Class2 1314"]
[Site "Germany"]
[Date "2014.04.06"]
[Round "8.8"]
[White "Friesen, Viktor"]
[Black "Richardt, Mike"]
[Result "1-0"]
[WhiteElo "2063"]
[BlackElo "1963"]
[PlyCount "81"]
[EventDate "2013.09.15"]
[EventType "team-tourn"]
[EventRounds "9"]
[EventCountry "GER"]
[SourceTitle "EXT 2015"]
[Source "ChessBase"]
[SourceDate "2014.11.20"]
[SourceVersion "1"]
[SourceVersionDate "2014.11.20"]
[SourceQuality "1"]
[WhiteTeam "Herford"]
[BlackTeam "Plettenberg"]
[WhiteTeamCountry "GER"]
[BlackTeamCountry "GER"]

1. Nf3 d5 2. g3 Nf6 3. Bg2 Nbd7 4. d4 g6 5. 0-0 Bg7 6. c4 c6 7. Nc3 0-0 8. cxd5 cxd5 9. Qb3 Nb6 10. Bf4 Nh5 11. Be5 f6 12. Bf4 Nxf4 13. gxf4 Kh8 14. Rac1 Bd7 15. e3 Bc6 16. Qc2 Qd7 17. b3 Bh6 18. a4 a6 19. Na2 Rac8 20. Qd3 Qd6 21. f5 g5 22. Nc3 Rg8 23. Rfe1 g4 24. Nd2 Rg7 25. a5 Na8 26. Nxd5 Rd8 27. Nc3 Bf3 28. Ne2 e5 29. fxe6 Nc7 30. Ng3 Bxg2 31. Kxg2 Qxe6 32. Nf5 Qd7 33. Nxh6 Rg6 34. Nf5 Nd5 35. Ng3 Rg5 36. Nde4 Rg6 37. Nc5 Qc6 38. Kg1 Re8 39. Qf5 Nb4 40. Nd3 Qd6 41. Rc8 1-0

[Event "Wiesbaden op 25th"]
[Site "Wiesbaden"]
[Date "2013.08.24"]
[Round "4"]
[White "Friesen, Viktor"]
[Black "Beck, Michael"]
[Result "1-0"]
[WhiteElo "2123"]
[BlackElo "1930"]
[PlyCount "131"]
[EventDate "2013.08.22"]
[EventType "swiss"]
[EventRounds "7"]
[EventCountry "GER"]
[SourceTitle "EXT 2014"]
[Source "ChessBase"]
[SourceDate "2013.11.20"]
[SourceVersion "1"]
[SourceVersionDate "2013.11.20"]
[SourceQuality "1"]

1. Nf3 Nf6 2. g3 c5 3. Bg2 Nc6 4. d4 e6 5. 0-0 d5 6. c4 Be7 7. dxc5 Bxc5 8. a3 a5 9. Qc2 Qe7 10. Nc3 dxc4 11. Bg5 Nd4 12. Qa4+ Bd7 13. Qxc4 Nxf3+ 14. Bxf3 Rc8 15. Qh4 Bc6 16. Bxc6+ Rxc6 17. Rac1 0-0 18. Ne4 Bd4 19. e3 Bxb2 20. Rb1 h6 21. Bxh6 gxh6 22. Rxb2 Kg7 23. Rfb1 Rc7 24. Nxf6 Qxf6 25. Qg4+ Qg6 26. Qxg6+ Kxg6 27. Rxb7 Rc3 28. Ra1 Rfc8 29. Rb5 a4 30. Rb4 R8c4 31. Rxc4 Rxc4 32. Ra2 Rc3 33. Kg2 Kf5 34. Kf3 h5 35. h3 f6 36. Ra1 e5 37. g4+ hxg4+ 38. hxg4+ Kg5 39. Kg3 Rb3 40. Kf3 f5 41. gxf5 Kxf5 42. Rh1 e4+ 43. Kg3 Rxa3 44. Rh5+ Kf6 45. Kf4 Ra2 46. Rf5+ Kg6 47. Kxe4 a3 48. f4 Ra1 49. Rg5+ Kf6 50. Ra5 a2 51. Ra6+ Ke7 52. Ra7+ Kf6 53. Ra3 Ke6 54. f5+ Kf6 55. Ra6+ Kg5 56. Rg6+ Kh5 57. Rg2 Kh6 58. Re2 Kg7 59. Ke5 Kf7 60. e4 Ke7 61. Rh2 Kf7 62. Rh7+ Kg8 63. Ra7 Kf8 64. Kf6 Ke8 65. e5 Kd8 66. e6 1-0

[Event "Wiesbaden op 25th"]
[Site "Wiesbaden"]
[Date "2013.08.24"]
[Round "5"]
[White "Karabalis, Harilos"]
[Black "Friesen, Viktor"]
[Result "1-0"]
[WhiteElo "2300"]
[BlackElo "2131"]
[PlyCount "50"]
[EventDate "2013.08.22"]
[EventType "swiss"]
[EventRounds "7"]
[EventCountry "GER"]
[SourceTitle "CBM 156 Extra"]
[Source "ChessBase"]
[SourceDate "2013.10.22"]
[SourceVersion "1"]
[SourceVersionDate "2013.10.22"]
[SourceQuality "1"]

1. e4 d5 2. exd5 Nf6 3. d4 Nxd5 4. c4 Nb6 5. Nc3 g6 6. Be3 Bg7 7. Qd2 Nc6 8. 0-0-0 a5 9. Nf3 Bg4 10. Bh6 Bxh6 11. Qxh6 Qd7 12. d5 Nb4 13. c5 Bxf3 14. Bb5 Nxa2+ 15. Kc2 c6 16. dxc6 Qf5+ 17. Kb3 Bxd1+ 18. Kxa2 0-0-0 19. cxb6 Bc2 20. Re1 Qf6 21. Qh3+ Bf5 22. Qg3 Qd6 23. c7 Rdf8 24. Qxd6 exd6 25. Nd5 Re8 1-0

[Event "Lippe Cup-A 08th"]
[Site "Lieme"]
[Date "2011.10.30"]
[Round "5"]
[White "Friesen, Viktor"]
[Black "Schmitz, Philipp"]
[Result "0-1"]
[WhiteElo "2096"]
[BlackElo "1972"]
[PlyCount "124"]
[EventDate "2011.10.28"]
[EventType "swiss"]
[EventRounds "5"]
[EventCountry "GER"]
[SourceTitle "EXT 2012"]
[Source "ChessBase"]
[SourceDate "2011.11.24"]
[SourceVersion "1"]
[SourceVersionDate "2011.11.24"]
[SourceQuality "1"]

1. Nf3 Nf6 2. d4 g6 3. g3 Bg7 4. Bg2 0-0 5. c4 d6 6. 0-0 Nc6 7. Nc3 a6 8. e4 Bg4 9. h3 Bxf3 10. Bxf3 e5 11. d5 Nd4 12. Bg2 c5 13. Be3 Qa5 14. Kh2 Rfb8 15. f4 Nd7 16. f5 Qb4 17. fxg6 fxg6 18. Rf2 Nb6 19. Qg4 Nxc4 20. Bg5 Rf8 21. Raf1 Nxb2 22. Ne2 Rxf2 23. Rxf2 Qe1 24. Nxd4 Qxf2 25. Ne6 Nd3 26. Nxg7 Kxg7 27. Qd7+ Qf7 28. Bh6+ Kg8 29. Qxd6 c4 30. h4 c3 31. Bh3 Qf2+ 32. Kh1 c2 33. Be6+ Kh8 34. Qc7 c1Q+ 35. Bxc1 Qe1+ 36. Kh2 Qxc1 37. Qf7 Qd2+ 38. Kg1 Qe1+ 39. Kg2 Qf2+ 40. Qxf2 Nxf2 41. Kxf2 Kg7 42. Ke3 Kf6 43. Kd3 Ke7 44. g4 Rf8 45. Kc4 Kd6 46. h5 gxh5 47. gxh5 Rf2 48. a4 Rb2 49. Bf5 h6 50. Bg6 b5+ 51. axb5 axb5+ 52. Kc3 Rb1 53. Be8 Kc5 54. Bg6 Re1 55. Kd2 Rg1 56. Bf5 b4 57. Kc2 Rg3 58. Be6 b3+ 59. Kb2 Kb4 60. d6 Rg2+ 61. Kc1 Kc3 62. Kd1 Rd2+ 0-1

[Event "Moehnesee Cup-A 37th"]
[Site "Moehnesee"]
[Date "2011.09.03"]
[Round "5"]
[White "Weber, Andre"]
[Black "Friesen, Viktor"]
[Result "1/2-1/2"]
[WhiteElo "1976"]
[BlackElo "2096"]
[PlyCount "62"]
[EventDate "2011.09.01"]
[EventType "swiss"]
[EventRounds "7"]
[EventCountry "GER"]
[SourceTitle "EXT 2013"]
[Source "ChessBase"]
[SourceDate "2012.11.22"]
[SourceVersion "1"]
[SourceVersionDate "2012.11.22"]
[SourceQuality "1"]

1. d4 Nf6 2. Nf3 g6 3. g3 Bg7 4. Bg2 0-0 5. c4 d5 6. Nc3 c6 7. cxd5 Nxd5 8. 0-0 Nxc3 9. bxc3 Nd7 10. Qc2 Nb6 11. Rd1 Nc4 12. Nd2 Be6 13. Nb3 Bf5 14. e4 Bg4 15. f3 Bc8 16. Qe2 Nd6 17. Be3 Be6 18. e5 Bc4 19. Qc2 Nf5 20. Bf2 e6 21. Nd2 Be2 22. Re1 Ba6 23. Ne4 Qc7 24. Qb3 b6 25. Rad1 Rad8 26. g4 Ne7 27. f4 Nd5 28. Bg3 Qd7 29. Nd6 Ne7 30. Qa4 Bb5 31. Qb3 Ba6 1/2-1/2

[Event "Moehnesee Cup-A 37th"]
[Site "Moehnesee"]
[Date "2011.09.02"]
[Round "2"]
[White "Friesen, Viktor"]
[Black "Zirwes, Hans Juergen"]
[Result "1-0"]
[WhiteElo "2096"]
[BlackElo "1911"]
[PlyCount "29"]
[EventDate "2011.09.01"]
[EventType "swiss"]
[EventRounds "7"]
[EventCountry "GER"]
[SourceTitle "EXT 2013"]
[Source "ChessBase"]
[SourceDate "2012.11.22"]
[SourceVersion "1"]
[SourceVersionDate "2012.11.22"]
[SourceQuality "1"]

1. Nf3 d5 2. d4 Nf6 3. g3 e6 4. Bg2 c5 5. 0-0 Nc6 6. b3 Bd7 7. Bb2 Rc8 8. Nbd2 Qc7 9. dxc5 Bxc5 10. Bxf6 gxf6 11. c4 d4 12. Ne4 Be7 13. Nxd4 f5 14. Nb5 Qe5 15. Ned6+ 1-0

[Event "Moehnesee Cup 36th"]
[Site "Moehnesee"]
[Date "2010.08.29"]
[Round "6"]
[White "Friesen, Viktor"]
[Black "Bluebaum, Johanna"]
[Result "0-1"]
[WhiteElo "2063"]
[BlackElo "1998"]
[PlyCount "146"]
[EventDate "2010.08.26"]
[EventType "swiss"]
[EventRounds "7"]
[EventCountry "GER"]
[SourceTitle "EXT 2011"]
[Source "ChessBase"]
[SourceDate "2010.11.26"]
[SourceVersion "1"]
[SourceVersionDate "2010.11.26"]
[SourceQuality "1"]

1. Nf3 d5 2. g3 Nf6 3. Bg2 c6 4. 0-0 Bg4 5. d4 Nbd7 6. b3 e6 7. Bb2 Bd6 8. Nbd2 0-0 9. c4 Re8 10. Ne5 Bh5 11. Re1 Qc7 12. Nd3 Rac8 13. Rc1 Qb8 14. Nf3 Ne4 15. Nfe5 Nxe5 16. Nxe5 Bb4 17. Rf1 f6 18. Nd3 Ba5 19. Qc2 Bg6 20. b4 Bc7 21. Rfd1 Nd6 22. cxd5 exd5 23. e3 Re7 24. Qb3 Rce8 25. a4 Nc4 26. b5 Bd6 27. Nb4 Be4 28. Bf1 Bf3 29. Bxc4 Bxd1 30. Rxd1 dxc4 31. Qxc4+ Kh8 32. Nd3 Rc7 33. Qb3 cxb5 34. Qxb5 Qc8 35. d5 Rc2 36. Bd4 a6 37. Qb6 Qg4 38. Rb1 Be5 39. Bxe5 fxe5 40. Qxb7 e4 41. Qf7 Rec8 42. Ne5 Qe2 43. Nc6 Rd2 44. Qf5 Re8 45. Qf7 Rc8 46. Qf5 Rg8 47. Ne5 Re8 48. Nf7+ Kg8 49. Ng5 Rd1+ 50. Rxd1 Qxd1+ 51. Kg2 Qh5 52. h4 Qg6 53. Qxg6 hxg6 54. d6 a5 55. f3 exf3+ 56. Kxf3 Rd8 57. Ne4 Kf7 58. Kf4 Ke6 59. Ng5+ Kf6 60. Ne4+ Ke6 61. Ng5+ Kd7 62. Ne4 Re8 63. g4 Kc6 64. h5 gxh5 65. gxh5 Kd5 66. h6 Rf8+ 67. Nf6+ gxf6 68. Kf5 Kxd6 69. Kg6 Ke5 70. Kg7 Ra8 71. h7 f5 72. h8Q Rxh8 73. Kxh8 Ke4 0-1

[Event "Dresden ZMD op"]
[Site "Dresden"]
[Date "2010.07.12"]
[Round "3"]
[White "Iotov, Valentin Dimitrov"]
[Black "Friesen, Viktor"]
[Result "1-0"]
[WhiteElo "2581"]
[BlackElo "2054"]
[PlyCount "88"]
[EventDate "2010.07.10"]
[EventType "swiss"]
[EventRounds "9"]
[EventCountry "GER"]
[SourceTitle "CBM 137 Extra"]
[Source "ChessBase"]
[SourceDate "2010.09.01"]
[SourceVersion "1"]
[SourceVersionDate "2010.09.01"]
[SourceQuality "1"]

1. d4 Nf6 2. c4 e6 3. Nf3 a6 4. Nc3 c5 5. g3 cxd4 6. Nxd4 Qc7 7. Bg2 Qxc4 8. 0-0 Nc6 9. Nb3 d5 10. Bf4 Be7 11. a3 a5 12. Rc1 Qa6 13. a4 0-0 14. Nb5 Qb6 15. Bc7 Qa6 16. Nc5 Bxc5 17. Rxc5 Ne8 18. Bf4 Bd7 19. Qb3 b6 20. Rcc1 Rc8 21. e4 dxe4 22. Rfd1 Nf6 23. Nd6 Nb4 24. Nxc8 Rxc8 25. Bxe4 Nxe4 26. Rxd7 Rxc1+ 27. Bxc1 Qc8 28. Rd1 Nd5 29. Be3 Nxe3 30. Qxe3 Nc5 31. Rd6 Qc7 32. Qd4 h6 33. h4 Kf8 34. Rd8+ Ke7 35. Rg8 e5 36. Qd5 Ne6 37. Kg2 Qd6 38. Qb7+ Kf6 39. Rb8 Qd4 40. Qf3+ Kg6 41. h5+ Kg5 42. Qxf7 Qe4+ 43. Kh2 Nf4 44. gxf4+ Kh4 1-0